[Event "SWE-chT 1920 Superettan"]
[Site "Sweden"]
[Date "2020.02.29"]
[Round "6"]
[White "Larsson, Anders"]
[Black "Hedstrom, Johan"]
[Result "1-0"]
[WhiteElo "2196"]
[BlackElo "2060"]
[PlyCount "97"]
[EventDate "2019.10.18"]
[EventType "team-tourn"]
[EventRounds "9"]
[EventCountry "SWE"]
[SourceTitle "EXT 2023"]
[Source "ChessBase"]
[SourceDate "2022.10.05"]
[SourceVersion "1"]
[SourceVersionDate "2022.10.05"]
[SourceQuality "1"]
[WhiteTeam "Kungstornet"]
[BlackTeam "Kristallen"]
[WhiteTeamCountry "SWE"]
[BlackTeamCountry "SWE"]

1. e4 c5 2. Nf3 e6 3. b3 a6 4. Bb2 Nc6 5. Be2 d5 6. exd5 exd5 7. d4 cxd4 8. 0-0 Be6 9. Nxd4 Nxd4 10. Qxd4 Qf6 11. Qa4+ Bd7 12. Bxf6 Bxa4 13. Bd4 Bc6 14. Bg4 h5 15. Re1+ Be7 16. Bf5 Kf8 17. Nd2 Bf6 18. Nf3 g6 19. Bd3 Bxd4 20. Nxd4 Nf6 21. h3 Kg7 22. Re7 Rhe8 23. Rae1 Kf8 24. Rxe8+ Nxe8 25. a4 a5 26. f4 Nf6 27. Kf2 Re8 28. Rxe8+ Bxe8 29. Ke3 Ke7 30. Nf3 Kd6 31. Kd4 Ng8 32. Ne5 Ne7 33. c4 Nc6+ 34. Nxc6 Bxc6 35. c5+ Ke6 36. g3 Be8 37. f5+ gxf5 38. Be2 f4 39. gxf4 h4 40. Bg4+ Ke7 41. Kxd5 f5 42. Bxf5 Bf7+ 43. Ke5 Bxb3 44. Bc8 Bxa4 45. Bxb7 Bb3 46. c6 a4 47. c7 Be6 48. c8Q Bxc8 49. Bxc8 1-0

[Event "Sitges op 45th"]
[Site "Sitges"]
[Date "2019.07.29"]
[Round "8"]
[White "Larsson, Anders"]
[Black "Cu Hor, Winston Darwin"]
[Result "0-1"]
[WhiteElo "2260"]
[BlackElo "2335"]
[PlyCount "84"]
[EventDate "2019.07.22"]
[EventType "swiss"]
[EventRounds "9"]
[EventCountry "ESP"]
[SourceTitle "CBM 191 Extra"]
[Source "ChessBase"]
[SourceDate "2019.09.30"]
[SourceVersion "1"]
[SourceVersionDate "2019.09.30"]
[SourceQuality "1"]

1. d4 Nf6 2. Nf3 c5 3. e3 g6 4. Be2 Bg7 5. 0-0 0-0 6. c4 cxd4 7. Nxd4 d5 8. Nc3 e5 9. Nf3 e4 10. Nd4 dxc4 11. Qa4 a6 12. Rd1 Qe7 13. Qxc4 b5 14. Nd5 Nxd5 15. Qxd5 Bb7 16. Qb3 Nd7 17. Bd2 Qg5 18. Bb4 Bd5 19. Qa3 Rfe8 20. Bd6 Bb7 21. Bf4 Qc5 22. Qa5 Qb6 23. Nb3 Qxa5 24. Nxa5 Bc8 25. Rab1 Nb6 26. b3 Be6 27. Rbc1 Nd5 28. Bf1 Nc3 29. Rd2 Rec8 30. Rcc2 Nd5 31. Nc6 Kf8 32. Be5 Bxe5 33. Nxe5 Rxc2 34. Rxc2 Nb4 35. Rd2 Rc8 36. f3 f6 37. Ng4 Ke7 38. Nf2 exf3 39. gxf3 Rc1 40. Kg2 Ra1 41. a4 Nd5 42. Rxd5 Bxd5 0-1

[Event "Barcelona Sant Marti op 21st"]
[Site "Barcelona"]
[Date "2019.07.20"]
[Round "8"]
[White "Deodhar, Vrushali Umesh"]
[Black "Larsson, Anders"]
[Result "1-0"]
[WhiteElo "1770"]
[BlackElo "2260"]
[PlyCount "125"]
[EventDate "2019.07.13"]
[EventType "swiss"]
[EventRounds "9"]
[EventCountry "ESP"]
[SourceTitle "EXT 2020"]
[Source "ChessBase"]
[SourceDate "2019.10.17"]
[SourceVersion "1"]
[SourceVersionDate "2019.10.17"]
[SourceQuality "1"]

1. c4 e5 2. Nc3 Bb4 3. Qb3 a5 4. Nd5 Bf8 5. Nf3 Nc6 6. Qe3 d6 7. d4 Nf6 8. dxe5 Nxd5 9. cxd5 Nxe5 10. Nxe5 dxe5 11. Qxe5+ Be7 12. Qxg7 Bf6 13. Qh6 Ra6 14. Qe3+ Kf8 15. Qf3 h5 16. e4 Rb6 17. Be2 Qe7 18. 0-0 Rb4 19. Bd3 Bxb2 20. Bxb2 Rxb2 21. Qe3 Rg8 22. Rfb1 Qe5 23. Rxb2 Qxb2 24. Rb1 Qe5 25. Qc5+ Ke8 26. Qxa5 h4 27. Qa3 h3 28. g3 Qd4 29. Bb5+ Kd8 30. Qd3 Qe5 31. Rd1 Rg6 32. Qe3 Bg4 33. Be2 Bxe2 34. Qxe2 Rb6 35. Qg4 Rb2 36. Qxh3 Rxa2 37. Qg4 Ra1 38. Rxa1 Qxa1+ 39. Kg2 Qd4 40. Qg5+ Ke8 41. Qe3 Qc4 42. h4 b5 43. Kf3 b4 44. h5 b3 45. h6 Kf8 46. Qg5 Qd3+ 47. Kg2 Qxe4+ 48. Kh2 Ke8 49. Qg8+ Ke7 50. h7 Qf5 51. h8Q Qxf2+ 52. Kh3 Qf1+ 53. Kh4 Qh1+ 54. Kg5 Qxd5+ 55. Kf4 Qd2+ 56. Ke4 Qe1+ 57. Kd3 Qf1+ 58. Kc3 Qe1+ 59. Kc4 Qf1+ 60. Kb4 c5+ 61. Kxc5 Qf5+ 62. Kb4 Qe4+ 63. Kc3 1-0

[Event "Barcelona Sant Marti op 21st"]
[Site "Barcelona"]
[Date "2019.07.16"]
[Round "4"]
[White "Harikrishnan, A Ra"]
[Black "Larsson, Anders"]
[Result "1-0"]
[WhiteElo "2401"]
[BlackElo "2260"]
[PlyCount "133"]
[EventDate "2019.07.13"]
[EventType "swiss"]
[EventRounds "9"]
[EventCountry "ESP"]
[SourceTitle "EXT 2020"]
[Source "ChessBase"]
[SourceDate "2019.10.17"]
[SourceVersion "1"]
[SourceVersionDate "2019.10.17"]
[SourceQuality "1"]

1. e4 e6 2. d4 d5 3. Nd2 Be7 4. Bd3 c5 5. dxc5 Nf6 6. Qe2 Nc6 7. Ngf3 Nb4 8. e5 Nd7 9. Nb3 Nxd3+ 10. Qxd3 Qc7 11. 0-0 Nxc5 12. Nxc5 Bxc5 13. c3 Bd7 14. Re1 a6 15. Be3 Rc8 16. Bxc5 Qxc5 17. Nd4 0-0 18. Re3 b5 19. Qd2 Qe7 20. Rae1 a5 21. Rg3 Kh8 22. Nb3 Ra8 23. Qd4 Rfc8 24. Qg4 Qf8 25. Rh3 b4 26. Ree3 bxc3 27. Rxc3 a4 28. Nd2 Rab8 29. Rxc8 Rxc8 30. Rc3 h6 31. Qd4 Bb5 32. h3 Qd8 33. Rc5 Be8 34. Qc3 Rb8 35. Nf3 Qb6 36. b4 axb3 37. axb3 Kh7 38. Rc8 Rxc8 39. Qxc8 Bb5 40. b4 Bc4 41. Qc5 Qb8 42. h4 Qa8 43. Qc7 Qf8 44. Qb7 f6 45. Qb6 fxe5 46. Nxe5 Qf4 47. Qxe6 Qc1+ 48. Kh2 Qf4+ 49. Kh3 Qxf2 50. Nxc4 dxc4 51. Qxc4 Qe3+ 52. g3 Qe1 53. b5 Qb1 54. Kg4 Qd1+ 55. Kf4 Qd6+ 56. Kf3 Qd1+ 57. Qe2 Qb3+ 58. Kf2 Qf7+ 59. Kg1 Qb3 60. Kh2 Qb1 61. Kg2 Kh8 62. Qe8+ Kh7 63. Qc6 Qb2+ 64. Kh3 Qe2 65. b6 Qf1+ 66. Qg2 Qf5+ 67. Kh2 1-0

[Event "SWE-chT 1819 Superettan"]
[Site "Sweden"]
[Date "2018.11.11"]
[Round "3"]
[White "Larsson, Anders"]
[Black "Broden, Per"]
[Result "1-0"]
[WhiteElo "2238"]
[BlackElo "2008"]
[PlyCount "63"]
[EventDate "2018.11.09"]
[EventType "team-tourn"]
[EventRounds "9"]
[EventCountry "SWE"]
[SourceTitle "EXT 2020"]
[Source "ChessBase"]
[SourceDate "2019.10.17"]
[SourceVersion "1"]
[SourceVersionDate "2019.10.17"]
[SourceQuality "1"]
[WhiteTeam "Kungstornet"]
[BlackTeam "Sodra"]
[WhiteTeamCountry "SWE"]
[BlackTeamCountry "SWE"]

1. d4 Nf6 2. Nf3 d6 3. g3 g6 4. Bg2 Bg7 5. 0-0 0-0 6. a4 a5 7. Re1 Nc6 8. e4 Rb8 9. Nc3 Bg4 10. h3 Bxf3 11. Bxf3 Nd7 12. Be3 e5 13. dxe5 Ndxe5 14. Be2 Nb4 15. f4 Nec6 16. Bf3 Qf6 17. Bg2 Rfe8 18. Rb1 Nd4 19. Nd5 Nxd5 20. exd5 b5 21. c3 Nf5 22. Bf2 Rxe1+ 23. Qxe1 Qe7 24. g4 Qxe1+ 25. Rxe1 Nh6 26. axb5 Rxb5 27. Re8+ Bf8 28. Bd4 f5 29. g5 Nf7 30. Bf6 Ne5 31. fxe5 dxe5 32. Rc8 1-0

[Event "Vasteras op"]
[Site "Vasteras"]
[Date "2018.09.30"]
[Round "8"]
[White "Larsson, Anders"]
[Black "Akesson, Ralf"]
[Result "1/2-1/2"]
[WhiteElo "2238"]
[BlackElo "2372"]
[PlyCount "30"]
[EventDate "2018.09.28"]
[EventType "swiss"]
[EventRounds "8"]
[EventCountry "SWE"]
[SourceTitle "CBM 186 Extra"]
[Source "ChessBase"]
[SourceDate "2018.08.24"]
[SourceVersion "1"]
[SourceVersionDate "2018.08.24"]
[SourceQuality "1"]

1. d4 Nf6 2. Nf3 e6 3. Bg5 c5 4. e3 Qb6 5. Qc1 Ne4 6. h4 d5 7. c3 Nc6 8. Nbd2 Nxd2 9. Qxd2 Bd6 10. 0-0-0 Bd7 11. Bf4 Bxf4 12. exf4 cxd4 13. Nxd4 Rc8 14. Kb1 Nxd4 15. Qxd4 Qxd4 1/2-1/2

[Event "Vasteras op"]
[Site "Vasteras"]
[Date "2018.09.28"]
[Round "3"]
[White "Miezis, Normunds"]
[Black "Larsson, Anders"]
[Result "1-0"]
[WhiteElo "2470"]
[BlackElo "2238"]
[PlyCount "63"]
[EventDate "2018.09.28"]
[EventType "swiss"]
[EventRounds "8"]
[EventCountry "SWE"]
[SourceTitle "CBM 186 Extra"]
[Source "ChessBase"]
[SourceDate "2018.08.24"]
[SourceVersion "1"]
[SourceVersionDate "2018.08.24"]
[SourceQuality "1"]

1. c4 e6 2. e4 c5 3. Nc3 Nc6 4. g3 a6 5. Bg2 Nf6 6. f4 d6 7. d3 Be7 8. Nf3 0-0 9. 0-0 Rb8 10. a4 Bd7 11. Kh1 Ne8 12. Be3 Nc7 13. d4 cxd4 14. Nxd4 Nxd4 15. Bxd4 b5 16. cxb5 axb5 17. a5 Na6 18. Bb6 Qe8 19. f5 Bc6 20. Bd4 e5 21. Bb6 Nc5 22. Nd5 Bd8 23. f6 Bxf6 24. Nxf6+ gxf6 25. Rxf6 Nd7 26. Rh6 f6 27. Bc7 Nc5 28. Qg4+ Kh8 29. Bxd6 Nxe4 30. Qf5 Ng5 31. Qc2 Rc8 32. Bxf8 1-0

[Event "Sitges op 44th"]
[Site "Sitges"]
[Date "2018.07.28"]
[Round "8"]
[White "Larsson, Anders"]
[Black "Pulvett Marin, Daniel Eduardo"]
[Result "1/2-1/2"]
[WhiteElo "2225"]
[BlackElo "2458"]
[PlyCount "84"]
[EventDate "2018.07.22"]
[EventType "swiss"]
[EventRounds "9"]
[EventCountry "ESP"]
[SourceTitle "CBM 185 Extra"]
[Source "ChessBase"]
[SourceDate "2018.07.29"]
[SourceVersion "1"]
[SourceVersionDate "2018.07.29"]
[SourceQuality "1"]

1. d4 Nf6 2. Nf3 e6 3. Bg5 h6 4. Bxf6 Qxf6 5. e4 d6 6. Nc3 Nd7 7. Qd2 g6 8. Bd3 a6 9. 0-0-0 Bg7 10. Rhe1 Qe7 11. Kb1 0-0 12. e5 b5 13. exd6 cxd6 14. h4 Bb7 15. h5 g5 16. Ne4 Nb6 17. c3 Nc4 18. Qe2 Bd5 19. Ng3 Qb7 20. Be4 Rfc8 21. Bxd5 Qxd5 22. Qe4 Nb6 23. Qxd5 Nxd5 24. Ne4 Rc6 25. g3 a5 26. Rc1 Kf8 27. Re2 Rac8 28. Rec2 Ke7 29. a3 b4 30. cxb4 Rxc2 31. Rxc2 Rxc2 32. Kxc2 g4 33. Nfd2 axb4 34. Nb3 f5 35. Ned2 e5 36. Kd3 bxa3 37. bxa3 e4+ 38. Kc4 e3 39. fxe3 Nxe3+ 40. Kd3 Nd1 41. Nc4 f4 42. gxf4 Nf2+ 1/2-1/2

[Event "SWE Cup"]
[Site "Linkoping"]
[Date "2016.09.11"]
[Round "7.1"]
[White "Sagit, Rauan"]
[Black "Larsson, Anders"]
[Result "1-0"]
[WhiteElo "2414"]
[BlackElo "2266"]
[PlyCount "77"]
[EventDate "2016.09.09"]
[EventType "team-k.o."]
[EventRounds "7"]
[EventCountry "SWE"]
[SourceTitle "CBM 174 Extra"]
[Source "ChessBase"]
[SourceDate "2016.10.10"]
[SourceVersion "1"]
[SourceVersionDate "2016.10.10"]
[SourceQuality "1"]
[WhiteTeam "Viking Team"]
[BlackTeam "Kungstornet"]
[WhiteTeamCountry "SWE"]
[BlackTeamCountry "SWE"]

1. Nf3 Nf6 2. g3 g6 3. b3 Bg7 4. Bb2 0-0 5. Bg2 d5 6. 0-0 a5 7. a3 c6 8. d3 Re8 9. Nbd2 Na6 10. c4 Bg4 11. h3 Bxf3 12. Nxf3 e6 13. Qc2 Nd7 14. d4 a4 15. b4 Nb6 16. Nd2 Nxc4 17. Nxc4 dxc4 18. Qxc4 Nc7 19. Rad1 Qg5 20. e3 Qb5 21. Qc2 Nd5 22. Rfe1 Qa6 23. e4 Nf6 24. Rd3 Rad8 25. Red1 Qa7 26. Bc1 h6 27. Be3 Qa8 28. Qd2 Kh7 29. d5 exd5 30. exd5 Nxd5 31. Bxd5 Rxd5 32. Rxd5 cxd5 33. Qxd5 Kg8 34. b5 Bf8 35. Rd3 Qc8 36. Kg2 Qc2 37. Qd7 Re7 38. Qd8 Qc7 39. Bxh6 1-0

[Event "SWE-chT 1516"]
[Site "Sweden"]
[Date "2016.01.16"]
[Round "4.4"]
[White "Larsson, Anders"]
[Black "Hedman, Erik"]
[Result "0-1"]
[WhiteElo "2226"]
[BlackElo "2345"]
[PlyCount "84"]
[EventDate "2015.11.06"]
[EventType "team-tourn"]
[EventRounds "9"]
[EventCountry "SWE"]
[SourceTitle "CBM 170 Extra"]
[Source "ChessBase"]
[SourceDate "2016.02.25"]
[SourceVersion "1"]
[SourceVersionDate "2016.02.25"]
[SourceQuality "1"]
[WhiteTeam "Kungstornet"]
[BlackTeam "Stockholm Rockaden"]
[WhiteTeamCountry "SWE"]
[BlackTeamCountry "SWE"]

1. e4 c5 2. Nf3 Nc6 3. Bb5 d6 4. 0-0 Bd7 5. Re1 Nf6 6. c3 a6 7. Bf1 Bg4 8. h3 Bxf3 9. Qxf3 e6 10. d3 Be7 11. Nd2 0-0 12. Qe2 b5 13. Nf3 d5 14. Bg5 h6 15. Bh4 b4 16. Rac1 a5 17. e5 Nd7 18. Bxe7 Nxe7 19. g3 bxc3 20. bxc3 Rb8 21. d4 Qb6 22. Qd2 Qb2 23. Qd3 c4 24. Qe3 Qxa2 25. Ra1 Qb2 26. Rxa5 Ra8 27. Rxa8 Rxa8 28. Qc1 Qxc1 29. Rxc1 Ra3 30. Be2 Nc6 31. Kf1 f6 32. exf6 gxf6 33. Nd2 Kf7 34. h4 e5 35. dxe5 fxe5 36. f4 exf4 37. gxf4 Nc5 38. Bf3 Ne7 39. Rb1 Rxc3 40. Rb5 Nd3 41. Bxd5+ Nxd5 42. Rxd5 Rc1+ 0-1